[Event "Hiroshima Chushikoku-ch"]
[Site "Hiroshima"]
[Date "2023.02.04"]
[Round "3"]
[White "Misawa, Yuki"]
[Black "Mizumoto, Takahiro"]
[Result "1/2-1/2"]
[WhiteElo "1373"]
[BlackElo "1731"]
[PlyCount "62"]
[EventDate "2023.02.04"]
[EventType "swiss"]
[EventRounds "5"]
[EventCountry "JPN"]
[SourceTitle "CBM 212 Extra"]
[Source "ChessBase"]
[SourceDate "2023.03.31"]
[SourceVersion "1"]
[SourceVersionDate "2023.03.31"]
[SourceQuality "1"]

1. d4 d5 2. c4 c6 3. Nf3 Nf6 4. Qc2 e6 5. Bg5 Nbd7 6. Nbd2 Be7 7. e3 0-0 8. Bd3 c5 9. cxd5 exd5 10. dxc5 Nxc5 11. 0-0 Nxd3 12. Qxd3 b6 13. Nd4 Bd7 14. Rfc1 Ne4 15. Bxe7 Qxe7 16. Rc7 Nc5 17. Qf5 Qd6 18. Rxd7 Qxd7 19. Qg5 g6 20. h4 Ne6 21. Qf6 Nxd4 22. Qxd4 Rac8 23. Ne4 f5 24. Nf6+ Rxf6 25. Qxf6 Rc2 26. Rd1 Qf7 27. Qd8+ Kg7 28. Rxd5 Rc1+ 29. Kh2 Qc7+ 30. g3 Qxd8 31. Rxd8 Rc7 1/2-1/2

[Event "Hiroshima Chushikoku-ch"]
[Site "Hiroshima"]
[Date "2023.02.04"]
[Round "1"]
[White "Takase, Hayato"]
[Black "Mizumoto, Takahiro"]
[Result "0-1"]
[WhiteElo "1263"]
[BlackElo "1731"]
[PlyCount "84"]
[EventDate "2023.02.04"]
[EventType "swiss"]
[EventRounds "5"]
[EventCountry "JPN"]
[SourceTitle "CBM 212 Extra"]
[Source "ChessBase"]
[SourceDate "2023.03.31"]
[SourceVersion "1"]
[SourceVersionDate "2023.03.31"]
[SourceQuality "1"]

1. e4 c6 2. d4 d5 3. Nc3 dxe4 4. Nxe4 Bf5 5. Ng3 Bg6 6. h4 h6 7. h5 Bh7 8. Nf3 e6 9. Bd3 Bxd3 10. Qxd3 Nf6 11. Bd2 Nbd7 12. 0-0-0 Be7 13. Kb1 Qb6 14. Be3 Nd5 15. Ne5 Rd8 16. f4 0-0 17. Bc1 c5 18. Ne2 cxd4 19. Nxd4 Nc5 20. Qf3 Na4 21. Ne2 Qc7 22. Bd2 Rd6 23. b3 Nc5 24. g4 a5 25. Bxa5 Qxa5 26. Nc4 Qc7 27. Nxd6 Bxd6 28. Rd4 Ra8 29. g5 Qa5 30. a4 b5 31. gxh6 bxa4 32. hxg7 axb3 33. Kc1 bxc2 34. Kxc2 Qa2+ 35. Kd1 Qa1+ 36. Nc1 Qxd4+ 37. Ke1 Ra1 38. Qd1 Qe3+ 39. Kf1 Rxc1 40. h6 Rxd1+ 41. Kg2 Nxf4+ 42. Kh2 Rd2# 0-1